Egypt as a Woman : (Record no. 17155)
[ view plain ]
| 000 -LEADER | |
|---|---|
| fixed length control field | 01310cam a22003014a 4500 |
| 001 - CONTROL NUMBER | |
| control field | 13555499 |
| 005 - DATE AND TIME OF LATEST TRANSACTION | |
| control field | 20130129112536.0 |
| 008 - FIXED-LENGTH DATA ELEMENTS--GENERAL INFORMATION | |
| fixed length control field | 040412s2005 caua b s001 0 eng |
| 010 ## - LIBRARY OF CONGRESS CONTROL NUMBER | |
| LC control number | 2004008294 |
| 020 ## - INTERNATIONAL STANDARD BOOK NUMBER | |
| International Standard Book Number | 9789774249181 |
| 020 ## - INTERNATIONAL STANDARD BOOK NUMBER | |
| International Standard Book Number | 0520238575 (cloth : alk. paper) |
| 020 ## - INTERNATIONAL STANDARD BOOK NUMBER | |
| International Standard Book Number | 9780520238572 (cloth : alk. paper) |
| 082 00 - DEWEY DECIMAL CLASSIFICATION NUMBER | |
| Classification number | 305.40962 |
| Edition number | 22 |
| Item number | BAR |
| 100 1# - MAIN ENTRY--PERSONAL NAME | |
| Personal name | Baron, Beth. |
| 9 (RLIN) | 32055 |
| 245 10 - TITLE STATEMENT | |
| Title | Egypt as a Woman : |
| Remainder of title | Nationalism, Gender, and Politics / |
| Statement of responsibility, etc | Beth Baron. |
| 260 ## - PUBLICATION, DISTRIBUTION, ETC. (IMPRINT) | |
| Place of publication, distribution, etc | Berkeley : |
| Name of publisher, distributor, etc | University of California Press, |
| Date of publication, distribution, etc | c2005. |
| 300 ## - PHYSICAL DESCRIPTION | |
| Extent | xv, 287 p. : |
| Other physical details | ill. ; |
| Dimensions | 24 cm. |
| 504 ## - BIBLIOGRAPHY, ETC. NOTE | |
| Bibliography, etc | Includes bibliographical references (p. 261-276) and index. |
| 505 00 - FORMATTED CONTENTS NOTE | |
| Title | Images of the nation. Slavery, ethnicity, and family -- |
| -- | Constructing Egyptian honor -- |
| -- | Nationalist iconography -- |
| -- | Photography and the press -- |
| -- | The politics of women nationalists. The "ladies' demonstrations" -- |
| -- | Mother of the Egyptians -- |
| -- | Partisans of the Wafd -- |
| -- | An Islamist activist. |
| 650 #0 - SUBJECT ADDED ENTRY--TOPICAL TERM | |
| Topical term or geographic name as entry element | Women |
| General subdivision | Political activity |
| Geographic subdivision | Egypt. |
| 9 (RLIN) | 32056 |
| 650 #0 - SUBJECT ADDED ENTRY--TOPICAL TERM | |
| Topical term or geographic name as entry element | Women |
| Geographic subdivision | Middle East. |
| 9 (RLIN) | 32057 |
| 650 #0 - SUBJECT ADDED ENTRY--TOPICAL TERM | |
| Topical term or geographic name as entry element | Gender identity |
| Geographic subdivision | Egypt. |
| 9 (RLIN) | 32058 |
| 650 #0 - SUBJECT ADDED ENTRY--TOPICAL TERM | |
| Topical term or geographic name as entry element | Nationalism |
| Geographic subdivision | Egypt. |
| 9 (RLIN) | 4936 |
| 650 #0 - SUBJECT ADDED ENTRY--TOPICAL TERM | |
| Topical term or geographic name as entry element | Feminism |
| Geographic subdivision | Egypt. |
| 9 (RLIN) | 32059 |
| 651 #0 - SUBJECT ADDED ENTRY--GEOGRAPHIC NAME | |
| Geographic name | Egypt |
| General subdivision | Politics and government. |
| 9 (RLIN) | 32060 |
| 653 ## - INDEX TERM--UNCONTROLLED | |
| Resource For college | |
| Arrived date list | January2013 |
| 942 ## - ADDED ENTRY ELEMENTS (KOHA) | |
| Source of classification or shelving scheme | Dewey Decimal Classification |
| Item type | Book - Borrowing |
| Withdrawn status | Item status | Source of classification or shelving scheme | Damaged status | Not for loan | Vendor | Home library | Current library | Shelving location | Date acquired | Source of acquisition | Cost, normal purchase price | Serial Enumeration / chronology | Total Checkouts | Total Renewals | Full call number | Barcode | Date last seen | Date last borrowed | Koha item type |
|---|---|---|---|---|---|---|---|---|---|---|---|---|---|---|---|---|---|---|---|
| Dewey Decimal Classification | AUC | Central Library | Central Library | First floor | 29/01/2013 | Purchase | 20.00 | 1 | 8 | 22 | 305.40962 BAR | 000027913 | 15/07/2025 | 13/04/2022 | Book - Borrowing |